Las licencias de uso de marcas en las franquicias /

Guardado en:
Bibliografiske detaljer
Hovedforfatter: Chacón Torrebiarte, Carlos Gilberto
Format: Texto
Tags: Tilføj Tag
Ingen Tags, Vær først til at tagge denne postø!

MARC

LEADER 00000 a a2200000 04500
001 48459
003
040
100 |a Chacón Torrebiarte, Carlos Gilberto  
245 |a Las licencias de uso de marcas en las franquicias /  |c Carlos Gilberto Chacón Torrebiarte  
773 |g volumen2, número1, (1998), páginas 11-15  
999 |c 26761  |d 26761